| 000 | 00594nam a2200193Ia 4500 | ||
|---|---|---|---|
| 008 | 151121s9999||||xx |||||||||||||| ||und|| | ||
| 082 | _a309।1/पानता | ||
| 082 | _bHNW-57882 | ||
| 100 | _aपानतावणे गंगाधर | ||
| 245 | _aचैत्य | ||
| 260 | _b"प्रतिमा प्रकाशन, पुणे।" | ||
| 260 | _c-- | ||
| 300 | _a134 | ||
| 600 | _aपानतावणे गंगाधर | ||
| 630 | _aचैत्य | ||
| 700 | _aपानतावणे गंगाधर | ||
| 730 | _aचैत्य | ||
| 942 | _cBOOK | ||
| 999 |
_c1239930 _d1239927 |
||